[Event "Helsingor Xtracon op"]
[Site "Helsingor"]
[Date "2018.07.28"]
[Round "9"]
[White "Hinrichs, Kurt"]
[Black "Schjolin, John"]
[Result "1-0"]
[WhiteElo "1223"]
[BlackElo "1160"]
[PlyCount "103"]
[EventDate "2018.07.21"]
[EventType "swiss"]
[EventRounds "10"]
[EventCountry "DEN"]
[SourceTitle "CBM 185 Extra"]
[Source "ChessBase"]
[SourceDate "2018.07.29"]
[SourceVersion "1"]
[SourceVersionDate "2018.07.29"]
[SourceQuality "1"]

1. d4 d5 2. Bf4 e6 3. e3 Bd6 4. Bxd6 Qxd6 5. c3 Nf6 6. Nf3 0-0 7. Nbd2 Qe7 8. Be2 Nbd7 9. h3 c6 10. Qc2 b5 11. 0-0 a6 12. e4 dxe4 13. Nxe4 Nxe4 14. Qxe4 Bb7 15. Bd3 g6 16. Rfe1 Rae8 17. Re2 f5 18. Qe3 Rf6 19. Rae1 Nf8 20. b4 Kg7 21. a3 h6 22. c4 g5 23. Nxg5 hxg5 24. Qxg5+ Rg6 25. Qxf5 Rf6 26. Qg5+ Rg6 27. Qxe7+ Rxe7 28. Bxg6 Kxg6 29. cxb5 cxb5 30. Re3 Kf7 31. Re5 Bd5 32. R1e3 Ke8 33. Rh5 Kd7 34. g4 Rh7 35. Rxh7+ Nxh7 36. Kh2 Ng5 37. f4 Nf3+ 38. Kg3 Nxd4 39. Re5 Nc2 40. g5 Nd4 41. h4 Nf5+ 42. Rxf5 exf5 43. h5 Ke7 44. g6 Kf8 45. Kh4 Kg7 46. Kg5 Be6 47. h6+ Kh8 48. Kf6 Bg8 49. Kxf5 Bc4 50. Kf6 Bb3 51. f5 Bg8 52. Ke7 1-0

[Event "Helsingor Xtracon op"]
[Site "Helsingor"]
[Date "2018.07.25"]
[Round "6"]
[White "Wahlgreen, Noah Krug"]
[Black "Schjolin, John"]
[Result "1-0"]
[WhiteElo "1568"]
[BlackElo "1160"]
[PlyCount "39"]
[EventDate "2018.07.21"]
[EventType "swiss"]
[EventRounds "10"]
[EventCountry "DEN"]
[SourceTitle "CBM 185 Extra"]
[Source "ChessBase"]
[SourceDate "2018.07.29"]
[SourceVersion "1"]
[SourceVersionDate "2018.07.29"]
[SourceQuality "1"]

1. e4 e5 2. Nf3 Nc6 3. Bc4 f6 4. 0-0 Bc5 5. c3 a6 6. d4 b5 7. Bd5 Bb7 8. dxc5 Nge7 9. Bb3 Na5 10. Be3 Bxe4 11. Nbd2 Nxb3 12. Qxb3 Bd5 13. c4 bxc4 14. Nxc4 Rb8 15. Qa4 c6 16. Nd6+ Kf8 17. Bd2 Nc8 18. Ba5 Qe7 19. Bc7 Ra8 20. Nxc8 1-0

[Event "Helsingor Xtracon op"]
[Site "Helsingor"]
[Date "2017.07.29"]
[Round "9"]
[White "Schjolin, John"]
[Black "Alisaari, Vellu"]
[Result "1/2-1/2"]
[WhiteElo "1145"]
[BlackElo "1286"]
[PlyCount "64"]
[EventDate "2017.07.22"]
[EventType "swiss"]
[EventRounds "10"]
[EventCountry "DEN"]
[SourceTitle "CBM 179 Extra"]
[Source "ChessBase"]
[SourceDate "2017.08.23"]
[SourceVersion "1"]
[SourceVersionDate "2017.08.23"]
[SourceQuality "1"]

1. c4 c5 2. e3 e6 3. g3 Nc6 4. Bg2 Nf6 5. d3 Be7 6. e4 e5 7. Nf3 0-0 8. 0-0 d6 9. h3 Qb6 10. Qb3 Qxb3 11. axb3 Nb4 12. Ne1 Rd8 13. Bd2 Nc6 14. Bc3 Nd4 15. Bxd4 cxd4 16. b4 b6 17. b3 Bb7 18. Nf3 h6 19. Nbd2 a6 20. b5 a5 21. Ra4 Ra7 22. Nh2 Nd7 23. Rfa1 Nc5 24. Bf1 Nxa4 25. bxa4 Rf8 26. g4 Raa8 27. Nhf3 g5 28. Kg2 f6 29. Be2 Kg7 30. Rh1 Rh8 31. h4 Rh7 32. h5 Rah8 1/2-1/2

[Event "Helsingor Xtracon op"]
[Site "Helsingor"]
[Date "2017.07.27"]
[Round "7"]
[White "Nielsen, Bjorn1111"]
[Black "Schjolin, John"]
[Result "1/2-1/2"]
[WhiteElo "1353"]
[BlackElo "1145"]
[PlyCount "83"]
[EventDate "2017.07.22"]
[EventType "swiss"]
[EventRounds "10"]
[EventCountry "DEN"]
[SourceTitle "CBM 179 Extra"]
[Source "ChessBase"]
[SourceDate "2017.08.23"]
[SourceVersion "1"]
[SourceVersionDate "2017.08.23"]
[SourceQuality "1"]

1. e4 c5 2. d3 Nc6 3. Nf3 e5 4. c4 d6 5. Be2 h6 6. 0-0 Nf6 7. Nc3 Be7 8. Nh4 Be6 9. Nf5 Bf8 10. Nb5 Qd7 11. Bg4 a6 12. Nc3 g6 13. Nxd6+ Bxd6 14. Bxe6 fxe6 15. Na4 Qc7 16. b3 b5 17. Nc3 b4 18. Nb1 a5 19. a4 Qf7 20. Nd2 Nd4 21. Nf3 g5 22. Nxd4 cxd4 23. Bd2 Bc5 24. f3 Kd7 25. h3 Rag8 26. Be1 Nh5 27. g4 Nf4 28. Kh2 Rg6 29. Bg3 Rf6 30. Ra2 Kd6 31. Raf2 h5 32. Bxf4 exf4 33. Rh1 e5 34. Kg1 hxg4 35. fxg4 Rh4 36. Qf3 Ke6 37. Rfh2 Kd6 38. Kg2 Qe6 39. Kg1 Kc6 40. Kf2 Rf7 41. Kg1 Rfh7 42. Kg2 1/2-1/2

[Event "Helsingor Xtracon op"]
[Site "Helsingor"]
[Date "2017.07.26"]
[Round "6"]
[White "Schjolin, John"]
[Black "Joa, Sander"]
[Result "0-1"]
[WhiteElo "1145"]
[BlackElo "1480"]
[PlyCount "50"]
[EventDate "2017.07.22"]
[EventType "swiss"]
[EventRounds "10"]
[EventCountry "DEN"]
[SourceTitle "CBM 179 Extra"]
[Source "ChessBase"]
[SourceDate "2017.08.23"]
[SourceVersion "1"]
[SourceVersionDate "2017.08.23"]
[SourceQuality "1"]

1. c4 d5 2. e3 c6 3. Nf3 Bf5 4. d4 Nf6 5. h3 h5 6. Ne5 Nbd7 7. Bd3 Bxd3 8. Nxd7 dxc4 9. Ne5 Bxb1 10. Rxb1 Qa5+ 11. Bd2 Qxa2 12. Nxc4 Qxc4 13. b3 Qd5 14. f3 e6 15. 0-0 Qd7 16. Rc1 Qc7 17. e4 Be7 18. e5 Nd5 19. Ra1 0-0 20. f4 g6 21. Be1 Ne3 22. Qe2 Nxf1 23. Kxf1 Qb6 24. Qd3 Qb5 25. Qxb5 cxb5 0-1

[Event "Helsingor Xtracon op"]
[Site "Helsingor"]
[Date "2017.07.23"]
[Round "3"]
[White "Joensen, Sigurd"]
[Black "Schjolin, John"]
[Result "1-0"]
[WhiteElo "1567"]
[BlackElo "1145"]
[PlyCount "77"]
[EventDate "2017.07.22"]
[EventType "swiss"]
[EventRounds "10"]
[EventCountry "DEN"]
[SourceTitle "CBM 179 Extra"]
[Source "ChessBase"]
[SourceDate "2017.08.23"]
[SourceVersion "1"]
[SourceVersionDate "2017.08.23"]
[SourceQuality "1"]

1. e4 c5 2. Bc4 e5 3. Nc3 Nf6 4. d3 d6 5. h3 Nc6 6. Nf3 h6 7. a3 Be7 8. 0-0 0-0 9. Nh2 a6 10. Kh1 Nd4 11. f4 Be6 12. Bxe6 fxe6 13. fxe5 dxe5 14. Be3 Qb6 15. b3 Qa5 16. Bd2 Qd8 17. a4 b6 18. Ne2 b5 19. Nxd4 cxd4 20. Ng4 Qe8 21. Nxe5 Nh5 22. Rxf8+ Bxf8 23. Qg4 Nf6 24. Qg6 Bd6 25. Qxe8+ Rxe8 26. Nf3 e5 27. axb5 axb5 28. c3 Bc5 29. Ra5 Nd7 30. Rxb5 Rb8 31. Rxb8+ Nxb8 32. Nxe5 Kf8 33. c4 Na6 34. Nc6 Ke8 35. b4 Kd7 36. b5 Nc7 37. Ne5+ Ke6 38. Nf3 Bb6 39. Bb4 1-0

[Event "Helsingor Xtracon op"]
[Site "Helsingor"]
[Date "2017.07.22"]
[Round "1"]
[White "Strachan, Christian C"]
[Black "Schjolin, John"]
[Result "1-0"]
[WhiteElo "1938"]
[BlackElo "1145"]
[PlyCount "51"]
[EventDate "2017.07.22"]
[EventType "swiss"]
[EventRounds "10"]
[EventCountry "DEN"]
[SourceTitle "CBM 179 Extra"]
[Source "ChessBase"]
[SourceDate "2017.08.23"]
[SourceVersion "1"]
[SourceVersionDate "2017.08.23"]
[SourceQuality "1"]

1. e4 c5 2. c3 e5 3. Nf3 d6 4. Bc4 Bg4 5. d3 h6 6. h3 Bh5 7. Be3 a6 8. Nbd2 Nc6 9. Bb3 Qd7 10. Nc4 Qc7 11. a4 a5 12. 0-0 Be7 13. Bd2 Nf6 14. Ne3 Bg6 15. Qe2 0-0 16. Nh4 Bh7 17. Nef5 Ne8 18. Qg4 Bxh4 19. Nxh4 Nf6 20. Qg3 g5 21. Bxg5 Nh5 22. Qg4 Bg6 23. Nxg6 hxg5 24. Qxh5 Kg7 25. Nxf8 Qe7 26. Qh7+ 1-0

[Event "Hillerod-ch D"]
[Site "Hillerod"]
[Date "2017.05.09"]
[Round "2"]
[White "Rasmussen, Ole H"]
[Black "Schjolin, John"]
[Result "1-0"]
[WhiteElo "1615"]
[BlackElo "1137"]
[PlyCount "73"]
[EventDate "2017.05.02"]
[EventType "swiss"]
[EventRounds "7"]
[EventCountry "DEN"]
[SourceTitle "EXT 2023"]
[Source "ChessBase"]
[SourceDate "2022.10.05"]
[SourceVersion "1"]
[SourceVersionDate "2022.10.05"]
[SourceQuality "1"]

1. Nf3 c5 2. e4 d6 3. d4 cxd4 4. Nxd4 e5 5. Nf3 h6 6. Nc3 a6 7. Bc4 Nf6 8. 0-0 Be7 9. h3 0-0 10. Re1 Be6 11. Bb3 b5 12. Nd5 Bxd5 13. Bxd5 Nxd5 14. Qxd5 Nd7 15. Qd3 Nc5 16. Qe2 f6 17. Nh4 Qe8 18. Qg4 g5 19. Nf5 Kh7 20. Qf3 Ra7 21. Be3 Rc7 22. Rad1 Nb7 23. c3 Rd7 24. Rd3 Rg8 25. Red1 Bf8 26. Ng3 Be7 27. R1d2 Rf8 28. Nf5 Rg8 29. Rd5 Bf8 30. Qd1 Qf7 31. a4 bxa4 32. Qxa4 Rd8 33. Qxa6 Rd7 34. c4 Nc5 35. Bxc5 Qe6 36. Bxd6 Bxd6 37. Rxd6 1-0

[Event "Helsingor Xtracon op"]
[Site "Helsingor"]
[Date "2016.07.28"]
[Round "7"]
[White "Schjolin, John"]
[Black "Hein, Jacob"]
[Result "0-1"]
[WhiteElo "1201"]
[BlackElo "1447"]
[PlyCount "50"]
[EventDate "2016.07.23"]
[EventType "swiss"]
[EventRounds "10"]
[EventCountry "DEN"]
[SourceTitle "CBM 173 Extra"]
[Source "ChessBase"]
[SourceDate "2016.08.29"]
[SourceVersion "1"]
[SourceVersionDate "2016.08.29"]
[SourceQuality "1"]

1. e4 Nc6 2. Nf3 e5 3. Bc4 Na5 4. d3 Nxc4 5. dxc4 c6 6. Nc3 d6 7. 0-0 h6 8. a3 Nf6 9. h3 Be6 10. b3 Be7 11. Re1 Qc7 12. Bb2 0-0-0 13. Re2 Nh5 14. Kh2 Nf4 15. Rd2 g5 16. g3 Nxh3 17. Ne2 Nxf2 18. Qf1 Ng4+ 19. Kh1 h5 20. Rd3 Qb6 21. Nfd4 h4 22. Kg2 hxg3 23. Kxg3 Rh4 24. Qf3 Rdh8 25. Rg1 Rh3+ 0-1

[Event "Helsingor Xtracon op"]
[Site "Helsingor"]
[Date "2016.07.27"]
[Round "6"]
[White "Jacobsen, Harald Kittel Lytom"]
[Black "Schjolin, John"]
[Result "0-1"]
[WhiteElo "1343"]
[BlackElo "1201"]
[PlyCount "46"]
[EventDate "2016.07.23"]
[EventType "swiss"]
[EventRounds "10"]
[EventCountry "DEN"]
[SourceTitle "CBM 173 Extra"]
[Source "ChessBase"]
[SourceDate "2016.08.29"]
[SourceVersion "1"]
[SourceVersionDate "2016.08.29"]
[SourceQuality "1"]

1. e4 e5 2. Nf3 Nc6 3. Bc4 h6 4. Nc3 Nf6 5. Nd5 Bc5 6. Nxf6+ Qxf6 7. b3 d6 8. h3 Be6 9. Bxe6 Qxe6 10. Bb2 0-0-0 11. d4 exd4 12. Bxd4 Qxe4+ 13. Be3 Bxe3 14. fxe3 Qxe3+ 15. Qe2 Qxe2+ 16. Kxe2 Rhe8+ 17. Kf2 Nb4 18. Nd4 Rd7 19. Rhf1 g6 20. a3 Nd5 21. Nb5 Kb8 22. c4 Ne3 23. Rfe1 Rde7 0-1

[Event "Helsingor Xtracon op"]
[Site "Helsingor"]
[Date "2016.07.25"]
[Round "4"]
[White "Jensen, Hans Askov"]
[Black "Schjolin, John"]
[Result "1-0"]
[WhiteElo "1469"]
[BlackElo "1201"]
[PlyCount "79"]
[EventDate "2016.07.23"]
[EventType "swiss"]
[EventRounds "10"]
[EventCountry "DEN"]
[SourceTitle "CBM 173 Extra"]
[Source "ChessBase"]
[SourceDate "2016.08.29"]
[SourceVersion "1"]
[SourceVersionDate "2016.08.29"]
[SourceQuality "1"]

1. e4 e5 2. Nf3 Nc6 3. Bb5 Bc5 4. c3 Nf6 5. d4 exd4 6. cxd4 Bb6 7. Bg5 h6 8. Bh4 g5 9. Bg3 Nxe4 10. Qe2 d5 11. Ne5 Ba5+ 12. Nc3 Qe7 13. Bxc6+ bxc6 14. Nxc6 Bxc3+ 15. bxc3 Qe6 16. Ne5 0-0 17. Qe3 Ba6 18. h4 g4 19. Bf4 Rfb8 20. f3 Rb2 21. fxe4 Re2+ 22. Qxe2 Bxe2 23. Kxe2 dxe4 24. Rhb1 Qa6+ 25. Ke1 Qf6 26. g3 Rd8 27. Nxg4 Qa6 28. Nxh6+ Kg7 29. Nf5+ Kg6 30. Ne7+ Kh5 31. Nf5 Qd3 32. Rb3 Qf3 33. Rab1 Kg4 34. Ne3+ Kh3 35. d5 Rg8 36. c4 Rxg3 37. Nf1 Kg2 38. R1b2+ Kg1 39. Rxf3 Rxf3 40. Be3+ 1-0

[Event "Hillerod Byturnering E"]
[Site "Hillerod"]
[Date "2016.06.14"]
[Round "7"]
[White "Schjolin, John"]
[Black "Christoffersen, Micki Aron"]
[Result "0-1"]
[WhiteElo "1276"]
[BlackElo "1309"]
[PlyCount "90"]
[EventDate "2016.04.26"]
[EventType "swiss"]
[EventRounds "7"]
[EventCountry "DEN"]
[SourceTitle "EXT 2024"]
[Source "ChessBase"]
[SourceDate "2023.10.10"]
[SourceVersion "1"]
[SourceVersionDate "2023.10.10"]
[SourceQuality "1"]

1. d4 d5 2. f4 Nf6 3. e3 e6 4. Bd3 Be7 5. Nf3 Nbd7 6. Nc3 a6 7. a3 0-0 8. b4 b6 9. 0-0 Bb7 10. f5 Ne4 11. Bb2 exf5 12. Ne5 Nxe5 13. dxe5 Bg5 14. Rf3 d4 15. Bxe4 fxe4 16. Rf1 Bxe3+ 17. Kh1 dxc3 18. Bxc3 Qxd1 19. Raxd1 Rfd8 20. h3 Rxd1 21. Rxd1 c5 22. bxc5 bxc5 23. Kh2 Bd4 24. Be1 Rd8 25. Rb1 Bxe5+ 26. Kg1 Rd7 27. Kf1 Bd4 28. Ke2 h5 29. Bf2 Bxf2 30. Kxf2 f5 31. g3 g5 32. Ke3 Kg7 33. Rb6 Re7 34. Rd6 f4+ 35. gxf4 gxf4+ 36. Kxf4 e3 37. Rd1 Kg6 38. Re1 Re4+ 39. Kf3 Kg5 40. Rxe3 Rxe3+ 41. Kxe3 Kh4 42. c4 Kxh3 43. Kf4 h4 44. Ke5 Kg3 45. Kd6 h3 0-1

[Event "Hillerod Byturnering E"]
[Site "Hillerod"]
[Date "2016.05.31"]
[Round "5"]
[White "Schjolin, John"]
[Black "Hviid, Hans Henrik"]
[Result "0-1"]
[WhiteElo "1276"]
[BlackElo "1380"]
[PlyCount "94"]
[EventDate "2016.04.26"]
[EventType "swiss"]
[EventRounds "7"]
[EventCountry "DEN"]
[SourceTitle "EXT 2024"]
[Source "ChessBase"]
[SourceDate "2023.10.10"]
[SourceVersion "1"]
[SourceVersionDate "2023.10.10"]
[SourceQuality "1"]

1. b4 d5 2. Bb2 e6 3. e3 Nf6 4. a3 c6 5. d4 b5 6. Bd3 g6 7. Qe2 a5 8. bxa5 Qxa5+ 9. Bc3 Qb6 10. Nf3 Bg7 11. 0-0 Ne4 12. Bxe4 dxe4 13. Ne5 f5 14. Nd2 Bxe5 15. dxe5 Qc5 16. Nb1 Ba6 17. Bb4 Qa7 18. Qd2 Nd7 19. Qd6 c5 20. Bc3 b4 21. Bb2 Bxf1 22. Kxf1 Qb6 23. Qxb6 Nxb6 24. c3 Nc4 25. axb4 Rxa1 26. Bxa1 0-0 27. Ke2 Ra8 28. Nd2 Nxd2 29. Kxd2 Rxa1 30. b5 Ra2+ 31. Kc1 Rxf2 32. Kb1 Rd2 33. c4 Rd3 34. Kb2 Rd8 35. Kb3 Rd3+ 36. Ka4 Rxe3 37. Ka5 Rc3 38. b6 Rxc4 39. Kb5 Rc2 40. Kc6 c4 41. b7 Rb2 42. Kc7 c3 43. b8Q+ Rxb8 44. Kxb8 c2 45. Kc7 c1Q+ 46. Kd7 Qd2+ 47. Kc7 Qxg2 0-1

[Event "Hillerod Byturnering E"]
[Site "Hillerod"]
[Date "2016.05.10"]
[Round "2"]
[White "Nielsen, Benny"]
[Black "Schjolin, John"]
[Result "1-0"]
[WhiteElo "1347"]
[BlackElo "1276"]
[PlyCount "49"]
[EventDate "2016.04.26"]
[EventType "swiss"]
[EventRounds "7"]
[EventCountry "DEN"]
[SourceTitle "EXT 2024"]
[Source "ChessBase"]
[SourceDate "2023.10.10"]
[SourceVersion "1"]
[SourceVersionDate "2023.10.10"]
[SourceQuality "1"]

1. d4 d5 2. Nf3 Nf6 3. c4 e6 4. Bg5 dxc4 5. Nc3 Be7 6. e4 c6 7. Bxc4 b5 8. Bd3 a6 9. 0-0 0-0 10. a3 Re8 11. Re1 Nbd7 12. b4 Nb6 13. Qc2 g6 14. Bxf6 Bxf6 15. e5 Bg5 16. Nxg5 Qxg5 17. Ne4 Qh6 18. Nf6+ Kf8 19. Nxe8 Kxe8 20. Qxc6+ Nd7 21. Qxa8 Kd8 22. Rac1 Nb6 23. Qc6 Nc4 24. Bxc4 Qd2 25. Bxb5 1-0

[Event "Koge Xtracon op"]
[Site "Koge"]
[Date "2015.10.18"]
[Round "9"]
[White "Tolba, Henri"]
[Black "Schjolin, John"]
[Result "1-0"]
[WhiteElo "1717"]
[BlackElo "1285"]
[PlyCount "65"]
[EventDate "2015.10.12"]
[EventType "swiss"]
[EventRounds "9"]
[EventCountry "DEN"]
[SourceTitle "EXT 2017"]
[Source "ChessBase"]
[SourceDate "2016.10.25"]
[SourceVersion "1"]
[SourceVersionDate "2016.10.25"]
[SourceQuality "1"]

1. e4 e5 2. Nf3 d6 3. Bc4 h6 4. d4 Nf6 5. dxe5 Nxe4 6. Bxf7+ Kxf7 7. Qd5+ Be6 8. Qxe4 d5 9. Qf4+ Ke8 10. Nd4 Qe7 11. 0-0 Nc6 12. Nxe6 Qxe6 13. Qa4 g5 14. Nc3 a6 15. Qb3 Rd8 16. Bd2 b5 17. Ne2 Bg7 18. Bc3 Nxe5 19. Bxe5 Bxe5 20. Ng3 Rd6 21. Rad1 Kd7 22. Rfe1 Re8 23. Kf1 Re7 24. Qd3 Rf7 25. Re2 c6 26. Qe3 Bxg3 27. Qa7+ Ke8 28. Rxe6+ Rxe6 29. Qa8+ Ke7 30. hxg3 Kf6 31. Qh8+ Kg6 32. Qg8+ Rg7 33. Qxe6+ 1-0

[Event "Koge Xtracon op"]
[Site "Koge"]
[Date "2015.10.17"]
[Round "7"]
[White "Nielsen, Bjorn1111"]
[Black "Schjolin, John"]
[Result "1-0"]
[WhiteElo "1358"]
[BlackElo "1285"]
[PlyCount "133"]
[EventDate "2015.10.12"]
[EventType "swiss"]
[EventRounds "9"]
[EventCountry "DEN"]
[SourceTitle "CBM 168 Extra"]
[Source "ChessBase"]
[SourceDate "2015.10.29"]
[SourceVersion "1"]
[SourceVersionDate "2015.10.29"]
[SourceQuality "1"]

1. e4 e5 2. Nf3 d6 3. Bc4 h6 4. 0-0 Bg4 5. Be2 Nf6 6. Nc3 c5 7. Bb5+ Nc6 8. d3 Be7 9. Nd5 0-0 10. Ne3 Bh5 11. Nf5 Bg6 12. Ng3 d5 13. exd5 Nxd5 14. Re1 Bf6 15. Bxc6 bxc6 16. Nxe5 Bxe5 17. Rxe5 Re8 18. Rxe8+ Qxe8 19. Bd2 f6 20. f3 Qd7 21. Ne4 Qe7 22. Qf1 f5 23. Nc3 Ne3 24. Bxe3 Qxe3+ 25. Qf2 Qxf2+ 26. Kxf2 Rd8 27. Re1 Re8 28. Rd1 Bf7 29. b3 g5 30. h3 Kg7 31. Na4 f4 32. Re1 c4 33. bxc4 h5 34. Rxe8 Bxe8 35. c5 Bf7 36. a3 Ba2 37. Nc3 Be6 38. Ke2 Kf6 39. d4 Bc4+ 40. Kf2 h4 41. Ne4+ Kg6 42. c3 a5 43. Ke1 Bd3 44. Nf2 Bb5 45. Ng4 Kf5 46. Nh2 Ke6 47. Nf1 Bxf1 48. Kxf1 Kd5 49. Ke2 Kc4 50. Kd2 Kb3 51. Kd3 Kxa3 52. Kc4 Kb2 53. d5 a4 54. dxc6 a3 55. c7 a2 56. c8Q a1Q 57. Qb7+ Kc1 58. Qb3 Qa6+ 59. Kd5 Qd3+ 60. Kc6 Kd2 61. Qd5 Kxc3 62. Qxd3+ Kxd3 63. Kd5 Ke3 64. Ke5 Kf2 65. Kf5 Kxg2 66. Kg4 Kf2 67. c6 1-0

[Event "Koge Xtracon op"]
[Site "Koge"]
[Date "2015.10.14"]
[Round "3"]
[White "Rendlev, Niels Moller"]
[Black "Schjolin, John"]
[Result "1-0"]
[WhiteElo "1777"]
[BlackElo "1285"]
[PlyCount "51"]
[EventDate "2015.10.12"]
[EventType "swiss"]
[EventRounds "9"]
[EventCountry "DEN"]
[SourceTitle "CBM 168 Extra"]
[Source "ChessBase"]
[SourceDate "2015.10.29"]
[SourceVersion "1"]
[SourceVersionDate "2015.10.29"]
[SourceQuality "1"]

1. e4 c5 2. d4 e6 3. Nf3 Nc6 4. c3 f6 5. d5 exd5 6. exd5 Ne5 7. Nxe5 fxe5 8. Qh5+ g6 9. Qxe5+ Qe7 10. Bf4 d6 11. Qxe7+ Bxe7 12. Na3 Nf6 13. Bb5+ Bd7 14. 0-0-0 0-0-0 15. Rhe1 Rhe8 16. Bxd7+ Kxd7 17. Nb5 Bf8 18. c4 Rxe1 19. Rxe1 Ne8 20. Bg5 Ra8 21. Nc3 Nc7 22. Ne4 Re8 23. Nf6+ Kc8 24. Nxe8 Kd7 25. Nxc7 Kxc7 26. Re8 1-0

[Event "Politiken Cup 37th"]
[Site "Helsingor"]
[Date "2015.07.31"]
[Round "8"]
[White "Schjolin, John"]
[Black "Roksvold, Thore"]
[Result "0-1"]
[WhiteElo "1276"]
[BlackElo "1629"]
[PlyCount "74"]
[EventDate "2015.07.25"]
[EventType "swiss"]
[EventRounds "10"]
[EventCountry "DEN"]
[SourceTitle "CBM 167 Extra"]
[Source "ChessBase"]
[SourceDate "2015.09.14"]
[SourceVersion "1"]
[SourceVersionDate "2015.09.14"]
[SourceQuality "1"]

1. d4 f5 2. c4 c6 3. Bf4 Nf6 4. Nc3 e6 5. e3 d5 6. c5 Be7 7. Nf3 Nbd7 8. Bd3 0-0 9. 0-0 Ne4 10. Rc1 Bf6 11. Qe1 Qe8 12. Bb1 e5 13. Bg3 Nxg3 14. fxg3 e4 15. Nd2 Bg5 16. Qe2 Nf6 17. h3 h5 18. Qe1 Be6 19. Kh2 Bh6 20. Qf2 g5 21. Rh1 Qg6 22. Rcf1 Kh7 23. Bc2 Rg8 24. Bd1 Raf8 25. Ne2 h4 26. b4 hxg3+ 27. Nxg3 f4 28. Ne2 fxe3 29. Qxe3 g4 30. Qc3 e3 31. Nb3 Ne4 32. Qd3 gxh3 33. g3 Kh8 34. Rxf8 Rxf8 35. Rg1 Rf2+ 36. Kh1 Nxg3+ 37. Nxg3 Qxd3 0-1

[Event "Politiken Cup 37th"]
[Site "Helsingor"]
[Date "2015.07.30"]
[Round "7"]
[White "Fedchuk, Kirill"]
[Black "Schjolin, John"]
[Result "1-0"]
[WhiteElo "1631"]
[BlackElo "1276"]
[PlyCount "39"]
[EventDate "2015.07.25"]
[EventType "swiss"]
[EventRounds "10"]
[EventCountry "DEN"]
[SourceTitle "CBM 167 Extra"]
[Source "ChessBase"]
[SourceDate "2015.09.14"]
[SourceVersion "1"]
[SourceVersionDate "2015.09.14"]
[SourceQuality "1"]

1. c4 d6 2. Nc3 e5 3. Nf3 Nf6 4. g3 Bf5 5. Bg2 c6 6. d4 e4 7. Nh4 g6 8. Bg5 d5 9. cxd5 Bb4 10. Qb3 Bxc3+ 11. bxc3 b5 12. Nxf5 gxf5 13. dxc6 Qd6 14. Qxb5 0-0 15. Qxf5 Qe6 16. Qxf6 Na6 17. Qxe6 fxe6 18. Bxe4 Rab8 19. 0-0 Rb5 20. Bf4 1-0

[Event "Politiken Cup 37th"]
[Site "Helsingor"]
[Date "2015.07.27"]
[Round "4"]
[White "Schjolin, John"]
[Black "Rasmussen, Henning1111"]
[Result "1/2-1/2"]
[WhiteElo "1276"]
[BlackElo "1817"]
[PlyCount "116"]
[EventDate "2015.07.25"]
[EventType "swiss"]
[EventRounds "10"]
[EventCountry "DEN"]
[SourceTitle "CBM 167 Extra"]
[Source "ChessBase"]
[SourceDate "2015.09.14"]
[SourceVersion "1"]
[SourceVersionDate "2015.09.14"]
[SourceQuality "1"]

1. d4 Nf6 2. c4 g6 3. g3 Bg7 4. Nf3 d6 5. Nc3 Nbd7 6. e4 e5 7. d5 Nc5 8. Qc2 a5 9. Bg5 Bd7 10. a4 b6 11. Bg2 Qc8 12. h4 h6 13. Be3 Na6 14. b3 Nb4 15. Qd2 Ng4 16. Bh3 Nxe3 17. Bxd7+ Qxd7 18. fxe3 Qg4 19. Kf2 Qd7 20. Kg2 f5 21. exf5 gxf5 22. Raf1 0-0-0 23. Ne2 Rhg8 24. h5 Bf6 25. Rh3 Rg7 26. Rf2 Rdg8 27. Rf1 Kb8 28. Rg1 Na6 29. Kh1 Nc5 30. Qd1 Ne4 31. Rg2 Ng5 32. Nxg5 Bxg5 33. Qg1 Qf7 34. Qf2 Qd7 35. Qf3 Bd8 36. Qf2 Rg5 37. Qf3 Qf7 38. Qf2 Rxh5 39. Rxh5 Qxh5+ 40. Kg1 Qg6 41. Kh2 Bg5 42. Qf3 Be7 43. Qf2 h5 44. Qf3 Qg4 45. Qf2 Kc8 46. Kg1 Kd8 47. Kh2 h4 48. gxh4 Qxg2+ 49. Qxg2 Rxg2+ 50. Kxg2 Bxh4 51. Kf3 Ke7 52. Nc3 Bg5 53. Nb5 Kd7 54. e4 f4 55. Nc3 c6 56. Kg4 Bd8 57. Ne2 cxd5 58. exd5 Be7 1/2-1/2

[Event "Hillerod Byturnering E"]
[Site "Hillerod"]
[Date "2015.??.??"]
[Round "3"]
[White "Schjolin, John"]
[Black "Wagner, Thomas Kl"]
[Result "0-1"]
[WhiteElo "1332"]
[BlackElo "1117"]
[PlyCount "96"]
[EventDate "2015.04.28"]
[EventType "swiss"]
[EventRounds "7"]
[EventCountry "DEN"]
[SourceTitle "EXT 2024"]
[Source "ChessBase"]
[SourceDate "2023.10.10"]
[SourceVersion "1"]
[SourceVersionDate "2023.10.10"]
[SourceQuality "1"]

1. d4 d5 2. Nf3 Bf5 3. e3 e6 4. c4 Nf6 5. Nc3 Bb4 6. Bd2 Bxc3 7. Bxc3 Ne4 8. Bd3 Nxc3 9. bxc3 Bxd3 10. Qxd3 Nd7 11. 0-0 Qe7 12. c5 0-0 13. Rfe1 c6 14. e4 Rfc8 15. e5 Rab8 16. Rab1 b6 17. h3 Rb7 18. a4 Rcb8 19. Ra1 a5 20. Reb1 Nf8 21. Qc2 bxc5 22. Rxb7 Qxb7 23. dxc5 Qb2 24. Qc1 Qxc1+ 25. Rxc1 Nd7 26. Nd4 Nxe5 27. f4 Nd3 28. Rf1 Nxc5 29. Nxc6 Ra8 30. Ra1 Ne4 31. Ra3 f6 32. Kh2 Kf7 33. g3 Nd2 34. Kg2 Nc4 35. Rb3 e5 36. Rb5 Ke6 37. g4 exf4 38. Nd4+ Ke5 39. Nf3+ Ke4 40. Kf2 g6 41. h4 h6 42. Rb7 Ne5 43. Nxe5 fxe5 44. Rb6 Rc8 45. Rxg6 Rxc3 46. Ra6 Rc2+ 47. Ke1 Ke3 48. Rxa5 Rc1# 0-1

[Event "Politiken Cup 36th"]
[Site "Helsingor"]
[Date "2014.07.22"]
[Round "2"]
[White "Holmstrom, Johan Ravnborg"]
[Black "Schjolin, John"]
[Result "1-0"]
[WhiteElo "1834"]
[BlackElo "1317"]
[PlyCount "73"]
[EventDate "2014.07.21"]
[EventType "swiss"]
[EventRounds "10"]
[EventCountry "DEN"]
[SourceTitle "CBM 161 Extra"]
[Source "ChessBase"]
[SourceDate "2014.08.29"]
[SourceVersion "1"]
[SourceVersionDate "2014.08.29"]
[SourceQuality "1"]

1. d4 Nf6 2. c4 d5 3. Nf3 e6 4. g3 b6 5. Bg2 Bd6 6. Nc3 Ba6 7. cxd5 exd5 8. Bg5 c6 9. Rc1 Nbd7 10. 0-0 0-0 11. a3 Re8 12. Re1 h6 13. Bxf6 Nxf6 14. Nd2 Bc8 15. b4 Bf5 16. Qb3 b5 17. f3 Bf8 18. Qb2 Be6 19. Nb3 a6 20. Nd1 Bd7 21. Nf2 Rb8 22. e4 dxe4 23. fxe4 Rb6 24. Nd3 Re6 25. Nf4 Re8 26. e5 Nd5 27. Nxd5 cxd5 28. Bxd5 Be6 29. Bxe6 Rexe6 30. Nc5 Bxc5 31. bxc5 Rbc6 32. Red1 Re8 33. d5 Rg6 34. Qd4 Qg5 35. Re1 Rxe5 36. Qxe5 Qxe5 37. Rxe5 1-0